Normal view
MARC view
- Urbanización
Entry Materia
001 - NÚMERO DE CONTROL DEL REGISTRO
- campo de control: 17134
003 - IDENTIFICADOR DE NUMERO DE CONTROL
- campo de control: MX-MxUPN
005 - FECHA Y HORA DE LA ÚLTIMA TRANSACCIÓN
- campo de control: 20230605134601.0
008 - DATOS DE LONGITUD FIJA
- campo de control de longitud fija: 230605n||acnnnbabn | ana |d
035 ## - NÚMERO DE CONTROL DEL SISTEMA
- Número de control del sistema: UPN10000017142
040 ## - FUENTE DE LA CATALOGACIÓN
- Centro catalogador de origen: MX-MxUPN
- Lengua de catalogación: spa
- Agencia de transcripción: MX-MxUPN
150 ## - ENCABEZAMIENTO - TEMÁTICO
- Término de materia o nombre geográfico como elemento inicial: Urbanización
- Subdivisión geográfica: Ciudad de México
670 ## - FUENTE EN LA QUE SE LOCALIZARON DATOS
- Cita de la fuente: E
- Información localizada: Urbanización - México
902 ## - CATALOGADOR
- Catalogador: JGVM/111096
